<?xml version="1.0" encoding="UTF-8"?>
<record
    xmlns:xsi="http://www.w3.org/2001/XMLSchema-instance"
    xsi:schemaLocation="http://www.loc.gov/MARC21/slim http://www.loc.gov/standards/marcxml/schema/MARC21slim.xsd"
    xmlns="http://www.loc.gov/MARC21/slim">

  <leader>00955ngm a22002777i 4500</leader>
  <controlfield tag="001">IT\ICCU\UBO\2990261</controlfield>
  <controlfield tag="003">ItRI</controlfield>
  <controlfield tag="005">20260502145514.0</controlfield>
  <controlfield tag="008">061102s2001    it |||||||||||||||k|||||c</controlfield>
  <datafield tag="028" ind1="4" ind2="2">
    <subfield code="a">EMK04048P</subfield>
  </datafield>
  <datafield tag="040" ind1=" " ind2=" ">
    <subfield code="b">ita</subfield>
    <subfield code="c">Centro di documentazione Omologie (CIG Arcigay Milano)</subfield>
  </datafield>
  <datafield tag="041" ind1=" " ind2="7">
    <subfield code="a">eng</subfield>
    <subfield code="a">ita</subfield>
    <subfield code="2">ISO-639-2</subfield>
  </datafield>
  <datafield tag="130" ind1="0" ind2=" ">
    <subfield code="a">Circuit &lt; film ; 2001 &gt;</subfield>
  </datafield>
  <datafield tag="245" ind1="0" ind2="0">
    <subfield code="a">Circuit /</subfield>
    <subfield code="c">un film di Dirk Shafer.</subfield>
  </datafield>
  <datafield tag="260" ind1=" " ind2=" ">
    <subfield code="a">[Milano] :</subfield>
    <subfield code="b">Emik,</subfield>
    <subfield code="c">2001</subfield>
  </datafield>
  <datafield tag="300" ind1=" " ind2=" ">
    <subfield code="a">1 videocassetta (VHS) (130 min.) :</subfield>
    <subfield code="b">color., son</subfield>
  </datafield>
  <datafield tag="500" ind1=" " ind2=" ">
    <subfield code="a">Tit. del contenitore</subfield>
  </datafield>
  <datafield tag="500" ind1=" " ind2=" ">
    <subfield code="a">Ripr. del film del 2001; prod. USA; interpreti: Jonathan Wade-Drahos, Andre Khabbazi</subfield>
  </datafield>
  <datafield tag="500" ind1=" " ind2=" ">
    <subfield code="a">Film non adatto ai minori di 18 anni.</subfield>
  </datafield>
  <datafield tag="700" ind1="1" ind2=" ">
    <subfield code="a">Shafer, Dirk</subfield>
    <subfield code="0">IT\ICCU\UBOV\056175</subfield>
  </datafield>
  <datafield tag="700" ind1="1" ind2=" ">
    <subfield code="a">Wade Drahos, Jonathan</subfield>
    <subfield code="0">IT\ICCU\UBOV\056184</subfield>
  </datafield>
  <datafield tag="700" ind1="1" ind2=" ">
    <subfield code="a">Khabbazi, Andre</subfield>
    <subfield code="0">IT\ICCU\UBOV\056185</subfield>
  </datafield>
  <datafield tag="942" ind1=" " ind2=" ">
    <subfield code="2">ddc</subfield>
    <subfield code="c">VM</subfield>
    <subfield code="n">0</subfield>
  </datafield>
  <datafield tag="981" ind1=" " ind2="1">
    <subfield code="6">z01</subfield>
    <subfield code="a">b </subfield>
    <subfield code="b">xa2e  </subfield>
  </datafield>
  <datafield tag="982" ind1=" " ind2="1">
    <subfield code="6">z01</subfield>
    <subfield code="a">g</subfield>
  </datafield>
  <datafield tag="999" ind1=" " ind2=" ">
    <subfield code="c">28999</subfield>
    <subfield code="d">28999</subfield>
  </datafield>
  <datafield tag="952" ind1=" " ind2=" ">
    <subfield code="0">0</subfield>
    <subfield code="1">0</subfield>
    <subfield code="2">ddc</subfield>
    <subfield code="4">0</subfield>
    <subfield code="7">0</subfield>
    <subfield code="a">MI</subfield>
    <subfield code="b">MI</subfield>
    <subfield code="d">2026-05-02</subfield>
    <subfield code="l">0</subfield>
    <subfield code="o">791.43 CIR SHA</subfield>
    <subfield code="p">11890</subfield>
    <subfield code="r">2026-05-02 14:56:00</subfield>
    <subfield code="w">2026-05-02</subfield>
    <subfield code="y">VM</subfield>
  </datafield>
</record>
